000 01017nam a22002177a 4500
003 0
005 20251023090259.0
008 251023b xxu||||| |||| 00| 0 eng d
020 _a978-0-2416-8038-4
050 _aPE 1128
_b.E54 2024
100 _aDK (Firm),
_eauthor.
245 _aEnglish for everyone :$b $c DK.
_bpractice book, level 2 beginner /
_cDK.
260 _aLondon :
_bDorling Kindersley Limited,
_c2024.
300 _a184 pages :
_bcolor illustrations ;
_c24 cm.
500 _aIncludes answer key. Companion to English for Everyone: Course Book Level 2 Beginner.
520 _aA self-study workbook with visual exercises and answer keys designed to help learners practice grammar, vocabulary, and communication skills in English at the beginner level.
650 _aEnglish language
_xStudy and teaching
_xForeign speakers
_vProblems, exercises, etc.
650 _aEnglish language
_xTextbooks for foreign speakers.
650 _aEnglish language
_xGrammar
_vProblems, exercises, etc.
942 _2lcc
_cBK
999 _c368335
_d368335